Falls of residence (Record no. 79042)

MARC details
000 -LEADER
fixed length control field 00965cab a22002055a 4500
001 - CONTROL NUMBER
control field L139300
008 - FIXED-LENGTH DATA ELEMENTS--GENERAL INFORMATION
fixed length control field 070724e20070713xxkd f s 000 0 eng d
035 ## - SYSTEM CONTROL NUMBER
System control number (Sirsi) u139300
041 0# - LANGUAGE CODE
Language code of text/sound track or separate title eng
100 1# - MAIN ENTRY--PERSONAL NAME
Personal name Fransham, James
245 00 - TITLE STATEMENT
Title Falls of residence
260 ## - PUBLICATION, DISTRIBUTION, ETC.
Date of publication, distribution, etc. 2007
490 #0 - SERIES STATEMENT
Series statement Property Week
Volume/sequential designation 72(28) 13 July 2007, 58(1)
520 ## - SUMMARY, ETC.
Summary, etc. The student housing sector is worth an estimated £6.6bn, according to research from Savills, and private investment is predicted to increase three fold over the next six years. In many areas of the country demand outstrips supply for student beds, and this is especially so in London, partly due to the growth in numbers of overseas students. Graphs show availability and demand and supply pipeline.
590 ## - LOCAL NOTE (RLIN)
Local note KA
651 #4 - SUBJECT ADDED ENTRY--GEOGRAPHIC NAME
Geographic name United Kingdom
Chronological subdivision
690 ## - LOCAL SUBJECT ADDED ENTRY--TOPICAL TERM (OCLC, RLIN)
Topical term or geographic name as entry element PROPERTY-RESIDENTIAL PROPERTY-RESIDENTIAL PROPERTY MARKET
690 ## - LOCAL SUBJECT ADDED ENTRY--TOPICAL TERM (OCLC, RLIN)
Topical term or geographic name as entry element PROPERTY-RESIDENTIAL PROPERTY-COMMUNAL RESIDENTIAL PROPERTY
942 ## - ADDED ENTRY ELEMENTS (KOHA)
Suppress in OPAC 0
Holdings
Withdrawn status Lost status Source of classification or shelving scheme Damaged status Not for loan Home library Current library Shelving location Date acquired Total Checkouts Full call number Barcode Date last seen Copy number Price effective from Koha item type
    Dewey Decimal Classification     London London Journal article 24/07/2007   L139300 139300-1001 06/08/2019 1 06/08/2019 Journal article